| 000 | 00481nam a2200169Ia 4500 | ||
|---|---|---|---|
| 008 | 230917s9999||||xx |||||||||||||| ||und|| | ||
| 020 | _cGBP67.99 | ||
| 040 |
_e237044 _aMAIN |
||
| 041 | _aEnglish | ||
| 082 | _a006.4 D262F | ||
| 100 | _aDatta, Asit Kumar | ||
| 245 | 0 | _aFace detection and recognition: Theory and practice | |
| 260 |
_aBoca Raton _bCRC Press _c2016 |
||
| 300 | _axxv, 325 p. | ||
| 500 | _a2534 10/01/2017 RBP17/63262 23/01/2017 GENETICS DIST-FIST | ||
| 942 | _cBK | ||
| 999 |
_c20544 _d20544 |
||